Pokémon TCG - Temporal Forces cards - Statistics

General Stats
  • This quiz has been taken 10 times
  • The average score is 45 of 218
Answer Stats
Hint Answer % Correct
081 | 191 | 206 | 216 Iron Crown ex
100%
123 | 196 | 208 | 218 Raging Bolt ex
100%
021 Brambleghast
50%
020 Bramblin
50%
007 Breloom
50%
132 | 181 Chatot
50%
016 | 165 Deerling
50%
138 | 184 Drampa
50%
129 Dudunsparce
50%
128 Dunsparce
50%
146 | 199 | 210 Eri
50%
078 Flutter Mane
50%
102 | 177 Gastly
50%
104 | 193 Gengar ex
50%
038 | 188 | 204 | 214 Gouging Fire ex
50%
011 | 164 Grotle
50%
018 Grubbin
50%
103 Haunter
50%
034 | 187 Incineroar ex
50%
099 | 192 | 207 | 217 Iron Boulder ex
50%
025 | 186 | 203 | 213 Iron Leaves ex
50%
062 Iron Thorns
50%
118 Iron Treads
50%
079 | 080 Iron Valiant
50%
032 | 167 Litten
50%
090 Lycanroc
50%
029 Magcargo
50%
153 Master Ball
50%
092 | 175 Mudsdale
50%
049 Palafin
50%
051 Pikachu
50%
052 Raichu
50%
109 Roaring Moon
50%
089 Rockruff
50%
008 Roselia
50%
009 Roserade
50%
098 Sandy Shocks
50%
017 | 166 Sawsbuck
50%
111 | 195 Scizor ex
50%
001 Scyther
50%
006 Shroomish
50%
028 Slugma
50%
033 Torracat
50%
012 | 185 Torterra ex
50%
010 Turtwig
50%
050 | 189 | 205 | 215 Walking Wake ex
50%
047 Wiglett
50%
060 | 190 Wugtrio ex
50%
140 Ancient Booster Energy Capsule
0%
101 | 176 Arbok
0%
141 Awakening Drum
0%
065 Azumarill
0%
074 Beheeyem
0%
113 Beldum
0%
142 | 197 | 209 Bianca's Devotion
0%
059 Boltund
0%
143 Boxed Order
0%
069 Bronzong
0%
068 | 170 Bronzor
0%
144 Buddy-Buddy Poffin
0%
094 Carkol
0%
042 Carvanha
0%
037 Centiskorch
0%
055 | 169 Charjabug
0%
137 | 183 Cinccino
0%
145 | 198 Ciphermaniac's Codebreaking
0%
095 Coalossal
0%
014 Cottonee
0%
040 Croconaw
0%
075 | 172 Cutiefly
0%
131 Delcatty
0%
019 Dhelmise
0%
085 Drillbur
0%
071 Duosion
0%
100 Ekans
0%
053 Electabuzz
0%
054 Electivire
0%
073 Elgyem
0%
086 | 174 Excadrill
0%
147 | 200 Explorer's Guidance
0%
108 | 194 Farigiraf ex
0%
041 Feraligatr
0%
048 Finizen
0%
110 Forretress
0%
046 Frosmoth
0%
148 Full Metal Lab
0%
149 Future Booster Energy Capsule
0%
066 Girafarig
0%
087 Golett
0%
088 Golurk
0%
096 | 097 Great Tusk
0%
150 Hand Trimmer
0%
031 Heatmor
0%
151 Heavy Baton
0%
152 Hero's Cape
0%
126 Hoothoot
0%
061 Iron Hands
0%
139 Iron Jugulis
0%
044 Keldeo
0%
119 Koraidon
0%
120 Koraidon ex
0%
067 Latias
0%
125 Lickilicky
0%
124 | 180 Lickitung
0%
064 Marill
0%
112 Mawile
0%
154 Maximum Belt
0%
083 Medicham
0%
082 Meditite
0%
117 Melmetal
0%
116 | 179 Meltan
0%
115 | 178 Metagross
0%
114 Metang
0%
106 Mightyena
0%
136 | 182 Minccino
0%
121 Miraidon
0%
122 Miraidon ex
0%
161 Mist Energy
0%
155 | 201 | 211 Morty's Conviction
0%
063 Mr Mime
0%
091 Mudbray
0%
162 Neo Upper Energy
0%
127 Noctowl
0%
004 Nuzleaf
0%
156 Perilous Jungle
0%
133 Pidove
0%
002 Pineco
0%
026 Ponyta
0%
105 Poochyena
0%
157 Prime Catcher
0%
024 Rabsca
0%
027 Rapidash
0%
158 Reboot Pod
0%
084 | 173 Relicanth
0%
023 Rellor
0%
159 Rescue Board
0%
072 | 171 Reuniclus
0%
076 Ribombee
0%
093 Rolycoly
0%
107 Sableye
0%
160 | 202 | 212 Salvatore
0%
022 Scovillain ex
0%
077 Scream Tail
0%
003 Seedot
0%
043 Sharpedo
0%
013 Shaymin
0%
005 | 163 Shiftry
0%
036 Sizzlipede
0%
130 Skitty
0%
045 | 168 Snom
0%
070 Solosis
0%
039 Totodile
0%
134 Tranquill
0%
035 Turtonator
0%
135 Unfezant
0%
030 Victini
0%
056 Vikavolt
0%
015 Whimsicott
0%
058 Yamper
0%
057 Zeraora
0%
No matching quizzes found
Score Distribution
Percent of People with Each Score
Percentile by Number Answered
Your Score History
You have not taken this quiz